000
00271nam a2200121Ia 4500
003
OSt
005
20240822144932.0
040
_c
LIBRARY OF CONGRESS
050
_a
S517 .I4 C433 2010
100
_a
CHANDRASEKARAN B.
245
2
_a
A TEXT BOOK OF AGRONOMY
942
_c
BK
_2
ddc
999
_c
201503
_d
201503